| 000 | 03099nam a22002297a 4500 | ||
|---|---|---|---|
| 005 | 20260207103755.0 | ||
| 008 | 220910b ||||| |||| 00| 0 eng d | ||
| 020 | _a9789352873609 | ||
| 040 | _cAL | ||
| 041 | _aeng | ||
| 082 |
_223 _a820.302 _bNAIW |
||
| 100 |
_aM T Vasudevan Nair _9253911 |
||
| 245 |
_aWritings of MT Vasudevan Nair: _bMist and the soul of darkness: Kaalam: Kuttiedathi and other stories |
||
| 260 |
_aHyderabad _bOrient Blackswan _c2018 |
||
| 300 |
_avi,189p. _bPB _c21x14cm. |
||
| 365 |
_23496 _aEnglish _b741.00 _c₹ _d950.00 _e22% _f09-08-2022 |
||
| 520 | _aThis hardback omnibus edition collects three of M. T. Vasudevan Nair’s previously published works—Mist and The Soul of Darkness, Kaalam and Kuttiedathi and Other Stories. The volume features an introduction to M. T. Vasudevan Nair’s work by P. P. Raveendran, an eminent academic and a scholar of Malayalam literature. Mist and The Soul of Darkness are translationsof M. T. Vasudevan Nair’s highly-acclaimed novellas, Manhu and Irutinde Atmavu. In the Mist, set at a hill-station resort, the author narrates the story of Vimala, a school teacher who continues to wait for her beloved Sudhir, with whom she once shared a passionate affair filled with promises. The Soul of Darkness, on the other hand speaks ofVelayudhan, a young man regarded by his family as ‘not normal’ and is thus treated abominably, tortured and beaten. Though his cousin Ammakutty really cares for him, she is helpless and cannot do much to save him. In both stories, Nair voices through mists of memories and emotions, some lost hopes and evocative experiences. The narratives are deeply touching, dramatic and realistic. Set against the backdrop of a crumbling matrilineal tarawad system of the Nairs in Kerala with its manifold conflicts and problems, Kaalam is the story of Sethumadhavan Nair who starts out as an ambitious and confident adolescent -- but in his journey towards adulthood, where material and social success go hand in hand, he is faced with an overwhelming sense of disillusionment. In its revelations, the story is beautifully adorned with the emotional experiences of the protagonist, which is also reflective of MT’s own childhood in many ways. Kuttiedathi and other stories is a collection of the finest stories of M. T. Vasudevan Nair that encompasses the ordinary middle class lives and sufferings of people in northern Kerala. Nair’s engaging style of storytelling is touching throughout. If the lead story ‘Kuttiedathi’ mixes tragic memory and domestic martyrdom, ‘When the Doors of Heaven Open’ plays out another life upon which centre a group of lives, all selfish, caring and indifferent by turns. In ‘Insight’ however, strange and unfathomable bonds of passion come up as the main theme. These are little tragedies of the soul told with a finesse characteristic of Nair’s profound, yet minimalist sense of expression. | ||
| 650 |
_aIndian English Fiction _957020 |
||
| 650 |
_aIndian English Novel _957021 |
||
| 650 |
_aIndian English Literature _957022 |
||
| 942 |
_2ddc _cBK |
||
| 999 |
_c224559 _d224559 |
||